[Event "Bad Woerishofen op 19th"]
[Site "Bad Woerishofen"]
[Date "2003.03.20"]
[Round "8"]
[White "Nepple, Rolf"]
[Black "Heinrich, Olaf Wittmund"]
[Result "1/2-1/2"]
[WhiteElo "1570"]
[BlackElo "1751"]
[PlyCount "119"]
[EventDate "2003.03.13"]
[EventType "swiss"]
[EventRounds "9"]
[EventCountry "GER"]
[SourceTitle "CBM 093 Extra"]
[Source "ChessBase"]
[SourceDate "2003.05.09"]
[SourceVersion "1"]
[SourceVersionDate "2003.05.09"]
[SourceQuality "1"]

1. e4 g6 2. Bc4 Bg7 3. Nf3 d6 4. d3 Nf6 5. c3 0-0 6. Be3 Nc6 7. a3 a6 8. 0-0 Bg4 9. Nbd2 Ne5 10. Qc2 Nxc4 11. Nxc4 Bxf3 12. gxf3 e5 13. Qe2 Nh5 14. Kh1 f5 15. Rg1 f4 16. Bc1 Qd7 17. b4 Rad8 18. Nd2 d5 19. Nb3 b6 20. Bb2 dxe4 21. dxe4 Qd3 22. Qd1 Rd7 23. Qxd3 Rxd3 24. Rad1 Rfd8 25. Rxd3 Rxd3 26. Kg2 Bf6 27. Re1 Ng7 28. Re2 Rd1 29. Rd2 Rb1 30. Nc1 Ne8 31. Nd3 Nd6 32. Rc2 Nc4 33. Rc1 Rxc1 34. Bxc1 Kf7 35. a4 Ke6 36. Kf1 Be7 37. Ke2 Kf6 38. Nb2 Nd6 39. Bd2 Kg5 40. Kf1 Kh4 41. Kg2 g5 42. h3 h5 43. Be1 g4 44. hxg4 hxg4 45. fxg4 Kxg4 46. f3+ Kg5 47. Kf1 Kh5 48. Ke2 Bh4 49. Bd2 Bg3 50. Nd3 Nc4 51. Bc1 Kh4 52. Nb2 Nd6 53. Nd3 Nf7 54. Bd2 Kg5 55. Bc1 Kf6 56. Nb2 Nd6 57. Bd2 Bh4 58. Bc1 Ke6 59. Bd2 Be7 60. Kd3 1/2-1/2

[Event "Bad Woerishofen op 19th"]
[Site "Bad Woerishofen"]
[Date "2003.03.18"]
[Round "6"]
[White "Nepple, Rolf"]
[Black "Santner, Thomas"]
[Result "0-1"]
[WhiteElo "1570"]
[BlackElo "1969"]
[PlyCount "86"]
[EventDate "2003.03.13"]
[EventType "swiss"]
[EventRounds "9"]
[EventCountry "GER"]
[SourceTitle "CBM 093 Extra"]
[Source "ChessBase"]
[SourceDate "2003.05.09"]
[SourceVersion "1"]
[SourceVersionDate "2003.05.09"]
[SourceQuality "1"]

1. e4 c5 2. Nf3 d6 3. d4 cxd4 4. Nxd4 Nf6 5. Nc3 a6 6. Bg5 e6 7. Bd3 Be7 8. Qe2 Nxe4 9. Bxe7 Nxc3 10. Bxd8 Nxe2 11. Bxe2 Kxd8 12. 0-0-0 Ke7 13. Rhe1 Nc6 14. Bf3 Nxd4 15. Rxd4 Rb8 16. Rb4 b5 17. Re3 a5 18. Rf4 Bb7 19. a4 b4 20. b3 Rhc8 21. Kb2 g5 22. Rd4 e5 23. Rd1 Rc5 24. c3 Rxc3 25. Rxc3 bxc3+ 26. Kxc3 Bxf3 27. gxf3 Ke6 28. Kc4 Rb4+ 29. Kc3 Rf4 30. Rd2 d5 31. Rd3 Kd6 32. Kb2 d4 33. Ka3 Kc5 34. Rd1 Rxf3 35. Rc1+ Rc3 36. Re1 Kd5 37. Rg1 h6 38. h4 f6 39. hxg5 hxg5 40. Rh1 d3 41. Rh8 Ke4 42. Ra8 d2 43. Rxa5 d1Q 0-1

[Event "Bad Woerishofen op 19th"]
[Site "Bad Woerishofen"]
[Date "2003.03.17"]
[Round "5"]
[White "Nepple, Rolf"]
[Black "Vonach, Bernhard"]
[Result "0-1"]
[WhiteElo "1570"]
[BlackElo "2050"]
[PlyCount "68"]
[EventDate "2003.03.13"]
[EventType "swiss"]
[EventRounds "9"]
[EventCountry "GER"]
[SourceTitle "CBM 093 Extra"]
[Source "ChessBase"]
[SourceDate "2003.05.09"]
[SourceVersion "1"]
[SourceVersionDate "2003.05.09"]
[SourceQuality "1"]

1. e4 e5 2. Nf3 Nc6 3. Bc4 Nf6 4. 0-0 Be7 5. Nc3 d6 6. d3 0-0 7. h3 Na5 8. Nd2 c6 9. a3 Nxc4 10. Nxc4 Be6 11. Ne3 d5 12. Nf5 Re8 13. Nxe7+ Qxe7 14. Bg5 h6 15. Bh4 d4 16. Ne2 g5 17. Bg3 Bd7 18. f3 Nh5 19. Be1 Nf4 20. Nxf4 gxf4 21. Kh2 Kh7 22. Rg1 Rg8 23. Bf2 Rg6 24. Qe1 Rag8 25. Bh4 Qe6 26. g4 fxg3+ 27. Rxg3 Rxg3 28. Bxg3 Qxh3+ 29. Kg1 Rxg3+ 30. Qxg3 Qxg3+ 31. Kh1 Bh3 32. Rg1 Qxf3+ 33. Kh2 Bf1 34. Rxf1 Qxf1 0-1

[Event "Bad Woerishofen op 19th"]
[Site "Bad Woerishofen"]
[Date "2003.03.13"]
[Round "1"]
[White "Maugg, Ludwig"]
[Black "Nepple, Rolf"]
[Result "1/2-1/2"]
[WhiteElo "2136"]
[BlackElo "1570"]
[PlyCount "82"]
[EventDate "2003.03.13"]
[EventType "swiss"]
[EventRounds "9"]
[EventCountry "GER"]
[SourceTitle "CBM 093 Extra"]
[Source "ChessBase"]
[SourceDate "2003.05.09"]
[SourceVersion "1"]
[SourceVersionDate "2003.05.09"]
[SourceQuality "1"]

1. d4 d5 2. c4 e6 3. Nc3 Nf6 4. cxd5 exd5 5. Bg5 c6 6. e3 g6 7. Bd3 Bg7 8. Qc2 Be6 9. Nf3 Nbd7 10. 0-0 0-0 11. h3 Rc8 12. b4 a5 13. a3 axb4 14. axb4 Qb6 15. Na4 Qc7 16. Bf4 Qd8 17. Nc5 Nxc5 18. bxc5 Nd7 19. Rfb1 Ra8 20. Rxa8 Qxa8 21. Qb3 b5 22. cxb6 Qb7 23. Qb4 Rc8 24. Bd6 Bf8 25. Bc5 Rb8 26. Nd2 f6 27. e4 Kg7 28. Qc3 g5 29. Nf1 h5 30. Ne3 g4 31. hxg4 hxg4 32. exd5 cxd5 33. Nf5+ Kf7 34. Bxf8 Kxf8 35. Qb4+ Kg8 36. Qe7 Bxf5 37. Bxf5 Nf8 38. Qxf6 Re8 39. Bxg4 Qh7 40. Bf5 Qh5 41. b7 Rb8 1/2-1/2